Detalles MARC
| 000 -LEADER |
| fixed length control field |
02422nam a2200493Ii 4500 |
| 001 - CONTROL NUMBER |
| control field |
DIGVISR0929 |
| 003 - CONTROL NUMBER IDENTIFIER |
| control field |
NyNyDIG |
| 006 - FIXED-LENGTH DATA ELEMENTS--ADDITIONAL MATERIAL CHARACTERISTICS |
| fixed length control field |
m o d |
| 007 - PHYSICAL DESCRIPTION FIXED FIELD--GENERAL INFORMATION |
| fixed length control field |
cr ||||||||||| |
| 008 - FIXED-LENGTH DATA ELEMENTS--GENERAL INFORMATION |
| fixed length control field |
250306s2024 sp a ob 000 0 spa d |
| 035 ## - SYSTEM CONTROL NUMBER |
| System control number |
(OCoLC)1507371005 |
| 040 ## - CATALOGING SOURCE |
| Original cataloging agency |
DGITA |
| Language of cataloging |
eng |
| Description conventions |
rda |
| -- |
pn |
| Transcribing agency |
DGITA |
| 020 ## - INTERNATIONAL STANDARD BOOK NUMBER |
| Canceled/invalid ISBN |
9788498955514 |
| 041 0# - LANGUAGE CODE |
| Language code of text/sound track or separate title |
spa |
| -- |
eng |
| -- |
ita |
| 043 ## - GEOGRAPHIC AREA CODE |
| Geographic area code |
e-it--- |
| 050 14 - LIBRARY OF CONGRESS CALL NUMBER |
| Classification number |
PQ4006 |
| Item number |
.L58 ebook |
| 245 03 - TITLE STATEMENT |
| Title |
La italianidad a examen en la literatura y en la teoría literaria : |
| Remainder of title |
¿Qué es la italianidad? la italianidad y más allá de la italianidad. |
| Number of part/section of a work |
Vol. 2 = Italianità in esame nella letteratura e nella teoria letteraria : che cos'è l'italianità? L'italianità e oltre l'italianità = Italianness under examination in literatura and literary theory : what's italianness? Italianness and beyond / |
| Statement of responsibility, etc. |
Loreta De Stasio, Isabel Muguruza y Salvatore Bartolotta (eds.). |
| 246 1# - VARYING FORM OF TITLE |
| Display text |
Italian title on cover: |
| Title proper/short title |
Italianità in esame nella letteratura e nella teoria letteraria : |
| Remainder of title |
che cos'è l'italianità? |
| 246 1# - VARYING FORM OF TITLE |
| Display text |
English title on cover: |
| Title proper/short title |
Italianness under examination in literatura and literary theory : |
| Remainder of title |
what's italianness? Italianness and beyond |
| 264 #1 - PRODUCTION, PUBLICATION, DISTRIBUTION, MANUFACTURE, AND COPYRIGHT NOTICE |
| Place of production, publication, distribution, manufacture |
Madrid : |
| Name of producer, publisher, distributor, manufacturer |
Visor Libros, |
| Date of production, publication, distribution, manufacture, or copyright notice |
2024. |
| 300 ## - PHYSICAL DESCRIPTION |
| Extent |
1 online resource : |
| Other physical details |
illustrations. |
| 336 ## - CONTENT TYPE |
| Content type term |
text |
| Content type code |
txt |
| Source |
rdacontent |
| 337 ## - MEDIA TYPE |
| Media type term |
computer |
| Media type code |
c |
| Source |
rdamedia |
| 338 ## - CARRIER TYPE |
| Carrier type term |
online resource |
| Carrier type code |
cr |
| Source |
rdacarrier |
| 347 ## - DIGITAL FILE CHARACTERISTICS |
| File type |
text file |
| Source |
rdaft |
| 347 ## - DIGITAL FILE CHARACTERISTICS |
| Encoding format |
PDF |
| 490 1# - SERIES STATEMENT |
| Series statement |
Visor literario ; |
| Volume/sequential designation |
31 |
| 504 ## - BIBLIOGRAPHY, ETC. NOTE |
| Bibliography, etc. note |
Includes bibliographical references. |
| 546 ## - LANGUAGE NOTE |
| Language note |
Text in Spanish, English and Italian. |
| 588 0# - SOURCE OF DESCRIPTION NOTE |
| Source of description note |
Online resource; title from PDF title page (Digitalia, viewed March 6, 2025) |
| 650 #0 - SUBJECT ADDED ENTRY--TOPICAL TERM |
| Topical term or geographic name entry element |
Italian literature |
| General subdivision |
Influence. |
| 650 #0 - SUBJECT ADDED ENTRY--TOPICAL TERM |
| Topical term or geographic name entry element |
Italian literature |
| General subdivision |
History and criticism. |
| 650 #0 - SUBJECT ADDED ENTRY--TOPICAL TERM |
| Topical term or geographic name entry element |
Italian literature |
| Form subdivision |
Translations. |
| 700 1# - ADDED ENTRY--PERSONAL NAME |
| Personal name |
De Stasio, Loreta, |
| Relator term |
editor. |
| 700 1# - ADDED ENTRY--PERSONAL NAME |
| Personal name |
Muguruza, Isa, |
| Dates associated with a name |
1994- |
| Relator term |
editor. |
| 700 1# - ADDED ENTRY--PERSONAL NAME |
| Personal name |
Bartolotta, Salvatore, |
| Relator term |
editor. |
| 776 08 - ADDITIONAL PHYSICAL FORM ENTRY |
| Relationship information |
Print version: |
| Title |
Italianidad a examen en la literatura y en la teoría literaria. |
| Place, publisher, and date of publication |
Madrid : Visor Libros, 2024 |
| International Standard Book Number |
9788498955514 |
| 791 2# - |
| -- |
Digitalia (Firm), |
| -- |
distributor. |
| 793 0# - |
| -- |
Digitalia eBook Collection: |
| -- |
Visor Libros |
| 830 #0 - SERIES ADDED ENTRY--UNIFORM TITLE |
| Uniform title |
Colección Visor literario ; |
| Volume/sequential designation |
31. |
| 856 40 - ELECTRONIC LOCATION AND ACCESS |
| Materials specified |
Digitalia Hispánica |
| Uniform Resource Identifier |
<a href="https://www.digitaliapublishing.com/a/170439/">https://www.digitaliapublishing.com/a/170439/</a> |
| 910 ## - USER-OPTION DATA (OCLC) |
| User-option data |
Premium collection: 2025 |
| 942 ## - ADDED ENTRY ELEMENTS (KOHA) |
| Koha item type |
Recurso Electrónico |